000 00274nam a22001217a 4500
020 _a8183562981
082 _a070
100 _aAjay Dash
245 _aBasic concept of journalism
260 _aNew Delhi
_bDiscovery publishing house
_c2007
300 _a295p
942 _cBK
999 _c2744
_d2744